| 000 | 01772nam0a2200325 4500 | ||
|---|---|---|---|
| 001 | RU\NLR\bibl\432411 | ||
| 005 | 20250623172019.0 | ||
| 010 |
_a5-85907-276-7(6) _910000 |
||
| 021 |
_aRU _b2003-43723 _92084 |
||
| 035 | _a(NLR Aleph) 000426251 | ||
| 090 |
_a726305 _c726305 |
||
| 100 | _a20030304d2003 |||y0rusy50 ca | ||
| 101 | 0 | _arus | |
| 102 | _aRU | ||
| 105 | _aa ||||||||| | ||
| 200 | 1 |
_aАвтомобили семейства ВАЗ-2107 _eРук. по техн. обслуживанию и ремонту _eМодели ВАЗ-2107, -21072, -21073-40, -21074 _eС рекомендациями журн. "За рулем" _f[К.Б. Пятков и др.] |
|
| 205 | _a2-е изд., перераб. и доп. | ||
| 210 |
_aМ. _cЗа рулем _d2003 |
||
| 215 |
_a254, [2] с. _cил., цв. ил. _d29 |
||
| 606 | 0 |
_aАвтомобили ВАЗ "Жигули" _jРуководства, пособия и т.п. _xРемонт _91047842 _3RU\NLR\auth\6686503 |
|
| 606 | 0 |
_a"Жигули", легковые автомобили _jРуководства, пособия и т.п. _xРемонт _92083200 _3RU\NLR\auth\661259250 |
|
| 606 | 0 |
_aАвтомобили ВАЗ "Жигули" _jРуководства, пособия и т.п. _xТехническое обслуживание _92065767 _3RU\NLR\auth\661240303 |
|
| 606 | 0 |
_a"Жигули", легковые автомобили _jРуководства, пособия и т.п. _xТехническое обслуживание _92121661 _3RU\NLR\auth\661281086 |
|
| 686 | _aО335.52-08я7"Жигули" | ||
| 702 | 1 |
_aПятков _bК. Б. _gКонстантин Борисович _4220 |
|
| 801 | 0 |
_aRU _bNLR _c20030901 _gPSBO |
|
| 801 | 1 |
_aRU _bNLR _c20030901 |
|
| 942 | _cBOOK | ||
| 980 | _aNB | ||